Les sons de Légende Vivante de Lorenzo - Statistiques

Statistiques générales
  • Ce quiz a été pris 227 fois
  • Le résultat moyen est 11 sur 16
Statistiques - réponses
Hint Réponse % Correct
9 578 187 Coco
93%
12 756 856 Légende Vivante
90%
4 802 250 Le Daron
88%
2 820 176 Lorenzo
71%
8 472 889 La Kush
70%
2 512 891 Amy Winehouse
68%
2 994 295 Dans l'appart'
67%
4 952 284 Catastrophe
63%
1 650 292 Les poissons dans la mer
62%
1 546 060 La Fantômerie
60%
1 954 842 Boss Final
57%
2 013 558 Charizard
57%
1 913 441 Honoré
56%
1 360 745 Comme d'hab
53%
2 182 480 Arrêter le temps
51%
1 543 584 Chic Type
46%
Aucun quiz correspondant
Distribution des résultats
% des personnes avec chaque résultat
Percentile par nombre de réponses
Votre historique - résultats
Vous n’avez pas pris ce quiz